| 000 | 00628nam a2200229 a 4500 | ||
|---|---|---|---|
| 999 |
_c5939 _d5939 |
||
| 001 | 5939 | ||
| 003 | BD-JhCC | ||
| 005 | 20171231093419.0 | ||
| 008 | 171231s1956 n |||| || | 000 0 eng d | ||
| 035 | _a(BD-JhCC)5939 | ||
| 040 |
_aBD-JhCC _dBD-JhCC |
||
| 041 | _aeng | ||
| 082 |
_a428.2 _bFOR 1956 |
||
| 245 |
_aForum A Book of Essays for College English / _cChristian Kiefer and Laurence Muir |
||
| 260 |
_aNew York : _bAppleton-Century-Crofts, Inc. _c1956. |
||
| 300 |
_a290 p. : _c22 cm. |
||
| 650 | _aCollege Reading | ||
| 700 | _aKiefer, Christian | ||
| 700 | _aMuir, Laurence | ||
| 942 |
_2ddc _cBK |
||